00782 a2200205 4500003000500000005001700005010001600022020002600038020002200064040000900086082001200095100002600107245005000133250001300183260004900196300002500245440005400270505022700324650002500551NUST20221207153202.0 a 97009808 a1855674440 (hardback) a1855674459 (pbk.) cNust00a297,CHO1 aChoueiri, Youssef M.,10aIslamic fundamentalism /cYousef M. Choueiri. aRev. ed. aLondon ;aWashington, D.C. :bPinter,c1997. axx, 201 p. :c24 cm. 0aThemes in right-wing ideology and politics series aIslam And Islamic Revivalism (Page-1), Islamic Reformism (Page-19), Islamic Radicalism (Page-44), The Transcendence Of Islam (Page-63), The Diagnosis (Page-91), The Doctrine And Its Methods (Page-123), Epilogue (Page-158). 0aIslamy20th century.